| 000 | 00406nam a2200145Ia 4500 | ||
|---|---|---|---|
| 008 | 230917s9999||||xx |||||||||||||| ||und|| | ||
| 040 |
_e20133 _aMAIN |
||
| 041 | _aEnglish | ||
| 082 | _a301.18 A43I | ||
| 100 | _aAngell, Robert Cooley | ||
| 245 | 0 | _aIntegration of American Society: A study of groups and institutions | |
| 260 |
_aNew York _bRussell & Russell _c1975 |
||
| 300 | _aix, 228 p. | ||
| 942 | _cBK | ||
| 999 |
_c50013 _d50013 |
||